Caricamento...

Fifty great classical authors /

Dettagli Bibliografici
Autore principale: Sharrock, Alison .
Altri autori: Ash, Rhiannon
Natura: Printed Book
Pubblicazione: London : Routledge , 2004.
Soggetti:
LEADER 00433cam a2200145ua 4500
999 |c 30438  |d 30438 
082 1 4 |a 809  |b SHA-F 
100 1 |a Sharrock, Alison . 
245 1 0 |a Fifty great classical authors /  
260 |a London :   |b Routledge ,   |c 2004. 
300 |a 421p. ;  
650 0 |a Authors 
700 |a Ash, Rhiannon . 
942 |c BK 
952 |0 0  |1 0  |4 0  |6 809_000000000000000_SHAF  |7 0  |9 38981  |a KU  |b KU  |d 2015-07-05  |l 0  |o 809 SHA-F  |p EN13490  |r 2015-07-05  |y BK